Retail geography and intelligent network planning. (Record no. 501504)

MARC details
000 -LEADER
fixed length control field 00727nam a2200241Ia 4500
003 - CONTROL NUMBER IDENTIFIER
control field OSt
005 - DATE AND TIME OF LATEST TRANSACTION
control field 20220925182149.0
008 - FIXED-LENGTH DATA ELEMENTS--GENERAL INFORMATION
fixed length control field 220923b |||||||| |||| 00| 0 eng d
020 ## - INTERNATIONAL STANDARD BOOK NUMBER
International Standard Book Number 0471498033
037 ## - SOURCE OF ACQUISITION
Terms of availability General Book
040 ## - CATALOGING SOURCE
Original cataloging agency RTL
Transcribing agency RTL
Language of cataloging eng
041 ## - LANGUAGE CODE
Source of code eng
Language code of text/sound track or separate title eng
100 ## - MAIN ENTRY--PERSONAL NAME
Personal name Birkin Mark and others
9 (RLIN) 255569
245 #0 - TITLE STATEMENT
Title Retail geography and intelligent network planning.
260 ## - PUBLICATION, DISTRIBUTION, ETC.
Place of publication, distribution, etc. Chicester
Name of publisher, distributor, etc. John Wiley & Sons Ltd.
Date of publication, distribution, etc. 2002
300 ## - PHYSICAL DESCRIPTION
Extent ix,284p
Dimensions cm.
500 ## - GENERAL NOTE
General note Bibliography : P 263-276
942 ## - ADDED ENTRY ELEMENTS (KOHA)
Classification part U6512:(D6,9(B),2775, P2
Koha item type General Books
Source of classification or shelving scheme Colon Classification (CC)
Holdings
Withdrawn status Lost status Damaged status Not for loan Home library Current library Date acquired Total Checkouts Full call number Barcode Date last seen Price effective from Koha item type
        Ratan Tata Library Ratan Tata Library 2022-09-25   U6512:(D6,9(B),2775 P2 RT1323952 2022-09-25 2022-09-25 General Books
Copyright @ Delhi University Library System